[Event "Russian Championship G13 1st league 2016"]
[Site "Loo"]
[Date "2016.04.27"]
[Round "8.16"]
[White "Makarova, Anastasiya"]
[Black "Airapetyan, Anzhelika"]
[Result "1-0"]
[WhiteElo "1385"]
[BlackElo "1416"]
[PlyCount "67"]
[EventDate "2016.04.20"]

1. c4 Nf6 2. Nc3 e6 3. e4 Bb4 4. d3 O-O 5. g3 Re8 6. Bg2 Bxc3+ 7. bxc3 d5 8.
cxd5 exd5 9. f3 dxe4 10. fxe4 Nc6 11. Ne2 Ne5 12. d4 Ng6 13. Qc2 h6 14. O-O Bg4
15. h3 Bxe2 16. Qxe2 c6 17. Qf2 Qe7 18. e5 Nd7 19. Be4 Rf8 20. Qc2 Qe6 21. Bf5
Qd5 22. Bxg6 fxg6 23. Rxf8+ Nxf8 24. Qb3 Qxb3 25. axb3 a6 26. Ba3 Ne6 27. Bd6
Nd8 28. c4 Kf7 29. d5 cxd5 30. cxd5 Ke8 31. e6 b5 32. Rf1 Nxe6 33. dxe6 Kd8 34.
Rf8# 1-0

[Event "Russian Championship G13 1st league 2016"]
[Site "Loo"]
[Date "2016.04.27"]
[Round "8.17"]
[White "Zhurova, Anna"]
[Black "Timofeeva, Juliya"]
[Result "1/2-1/2"]
[WhiteElo "1595"]
[BlackElo "1393"]
[PlyCount "80"]
[EventDate "2016.04.20"]

1. e4 e5 2. Nf3 Nc6 3. Bb5 a6 4. Ba4 b5 5. Bb3 h6 6. d3 Nf6 7. O-O Bc5 8. h3 d6
9. c3 O-O 10. Nbd2 Re8 11. Re1 Bb7 12. Nf1 a5 13. Ng3 a4 14. Bc2 d5 15. exd5
Qxd5 16. Ne4 Nxe4 17. dxe4 Qxd1 18. Rxd1 Rad8 19. Bd2 Rd6 20. Be1 Red8 21. Rxd6
cxd6 22. Rd1 Kf8 23. Kf1 Ke7 24. Bd3 b4 25. Bc2 Ba6+ 26. Bd3 Bxd3+ 27. Rxd3
bxc3 28. Rxc3 Kd7 29. Rc4 Rb8 30. Rc2 Nb4 31. Nxe5+ dxe5 32. Rxc5 Kd6 33. Ra5
Nxa2 34. Rxa4 Rxb2 35. Ra6+ Kd7 36. Ra7+ Ke6 37. Ra6+ Kd7 38. Ra7+ Ke6 39. Ra6+
Kd7 40. Ra7+ Ke6 1/2-1/2

[Event "Russian Championship G13 1st league 2016"]
[Site "Loo"]
[Date "2016.04.27"]
[Round "8.18"]
[White "Sharikova, Arina"]
[Black "Tletseri, Julietta"]
[Result "1/2-1/2"]
[WhiteElo "1381"]
[BlackElo "1546"]
[PlyCount "46"]
[EventDate "2016.04.20"]

1. e4 c5 2. Nf3 e6 3. d4 cxd4 4. Nxd4 Nf6 5. Bd3 Nc6 6. Be3 d5 7. Nxc6 bxc6 8.
e5 Nd7 9. f4 c5 10. c3 Bb7 11. O-O Qc7 12. Nd2 h6 13. Nf3 Be7 14. Qe1 Rg8 15.
Bc1 g6 16. Kh1 a6 17. b3 Rg7 18. Bb2 Rg8 19. Bc1 Rg7 20. Bb2 Rg8 21. Bc1 Rg7
22. Bb2 Rg8 23. Bc1 Rg7 1/2-1/2

[Event "Russian Championship G13 1st league 2016"]
[Site "Loo"]
[Date "2016.04.27"]
[Round "8.19"]
[White "Oreshkina, Natalia"]
[Black "Zarkova, Elizaveta"]
[Result "1-0"]
[WhiteElo "1513"]
[BlackElo "1372"]
[PlyCount "39"]
[EventDate "2016.04.20"]

1. e4 e5 2. Nf3 Nc6 3. Nc3 Nf6 4. Bb5 Bb4 5. O-O O-O 6. d3 d6 7. Bg5 Bxc3 8.
bxc3 Qe7 9. Re1 a6 10. Bc4 Be6 11. Bb3 Bxb3 12. cxb3 Qe6 13. d4 Nb8 14. d5 Qe7
15. Nh4 Nbd7 16. Nf5 Qe8 17. Qf3 Kh8 18. h4 Ng8 19. Qg3 f6 20. Bxf6 1-0

[Event "Russian Championship G13 1st league 2016"]
[Site "Loo"]
[Date "2016.04.27"]
[Round "8.20"]
[White "Abramova, Maria"]
[Black "Frolova, Lada"]
[Result "0-1"]
[WhiteElo "1507"]
[BlackElo "1378"]
[PlyCount "72"]
[EventDate "2016.04.20"]

1. d4 Nf6 2. Bf4 g6 3. Nf3 d5 4. e3 Bg7 5. Be2 O-O 6. Nbd2 c5 7. c3 a5 8. O-O
Nc6 9. Ne5 Nxe5 10. Bxe5 cxd4 11. exd4 Nd7 12. Bxg7 Kxg7 13. h4 e6 14. h5 Nf6
15. hxg6 hxg6 16. g3 Rh8 17. Kg2 Rh6 18. Rh1 Qh8 19. Rxh6 Qxh6 20. Qc2 e5 21.
Rh1 Qg5 22. dxe5 Qxe5 23. Bf3 Bf5 24. Qc1 Rh8 25. Nb3 Rxh1 26. Kxh1 Be4 27. Qe3
Ng4 28. Qe2 Qh5+ 29. Kg1 Qh2+ 30. Kf1 Bd3 31. Bxg4 Bxe2+ 32. Kxe2 b6 33. Nd4
Qh8 34. Kf1 Qh1+ 35. Ke2 Qe4+ 36. Kf1 Qxg4 0-1

[Event "Russian Championship G13 1st league 2016"]
[Site "Loo"]
[Date "2016.04.27"]
[Round "8.21"]
[White "Belova, Ksenia"]
[Black "Tolstykh, Arina"]
[Result "0-1"]
[WhiteElo "1474"]
[BlackElo "1254"]
[PlyCount "110"]
[EventDate "2016.04.20"]

1. e4 c5 2. Nf3 Nc6 3. d4 cxd4 4. Nxd4 e6 5. Nc3 Qc7 6. g3 a6 7. Bg2 g6 8. O-O
Bg7 9. Be3 Nge7 10. Qd2 O-O 11. Rad1 Nxd4 12. Bxd4 Bxd4 13. Qxd4 Nc6 14. Qf6
Ne5 15. Qf4 Kg7 16. g4 f6 17. h4 h6 18. Qg3 g5 19. hxg5 hxg5 20. Bh3 Rh8 21.
Kg2 Qb6 22. b3 Ng6 23. Rh1 Nf4+ 24. Kf1 Qc6 25. Bg2 Rxh1+ 26. Bxh1 b5 27. Bf3
Qxc3 28. e5 Rb8 29. exf6+ Kxf6 30. Be4 Qxg3 31. fxg3 Ng6 32. Bxg6 Kxg6 33. Rd6
a5 34. Kf2 Ra8 35. Rb6 b4 36. Ke3 Ra6 37. Rb8 Rc6 38. Ra8 Rc5 39. Kd3 Bb7 40.
Rb8 Bc6 41. Rb6 Rc3+ 42. Kd2 Kf6 43. Ra6 Rc5 44. Rb6 Ke5 45. Rb8 Be4 46. Rg8
Kf6 47. Rb8 Ke5 48. Rg8 Kd4 49. Rd8 d5 50. Rg8 Rxc2+ 51. Kd1 Rg2 52. Rxg5 Rxg3
53. Rg7 Bf3+ 54. Ke1 Ke3 55. Rg5 Rg1# 0-1

[Event "Russian Championship G13 1st league 2016"]
[Site "Loo"]
[Date "2016.04.27"]
[Round "8.22"]
[White "Sych, Alina"]
[Black "Makarenko, Elizaveta"]
[Result "1-0"]
[WhiteElo "1442"]
[BlackElo "1226"]
[PlyCount "47"]
[EventDate "2016.04.20"]

1. e4 c5 2. Nf3 d6 3. d4 cxd4 4. Nxd4 Nf6 5. Nc3 g6 6. Be3 Bg7 7. f3 O-O 8. Qd2
Nc6 9. O-O-O Bd7 10. g4 a6 11. h4 b5 12. h5 Ne5 13. hxg6 fxg6 14. Bh6 Rc8 15.
Bxg7 Kxg7 16. Qh6+ Kf7 17. Nd5 Nxd5 18. Qxh7+ Ke8 19. exd5 Qc7 20. Qg7 Nf7 21.
Qxg6 Qc5 22. Ne6 Bxe6 23. dxe6 Qe3+ 24. Kb1 1-0

[Event "Russian Championship G13 1st league 2016"]
[Site "Loo"]
[Date "2016.04.27"]
[Round "8.23"]
[White "Shamsutdinova, Karina"]
[Black "Tokmakova, Ulyana"]
[Result "1-0"]
[WhiteElo "1437"]
[BlackElo "1175"]
[PlyCount "95"]
[EventDate "2016.04.20"]

1. d4 e6 2. c4 f5 3. Nc3 Nf6 4. Nf3 Bb4 5. g3 d6 6. Bg2 Nbd7 7. O-O O-O 8. Re1
e5 9. dxe5 Nxe5 10. Qb3 Bxc3 11. Qxc3 Ne4 12. Qc2 Ng6 13. b4 Qe7 14. Nd2 Nxd2
15. Qxd2 Rb8 16. e3 Be6 17. Qc2 Ne5 18. e4 Qf7 19. c5 Rbd8 20. cxd6 Rxd6 21.
Bf4 Nd3 22. Bxd6 Nxe1 23. Rxe1 cxd6 24. exf5 Bxf5 25. Qd2 Be6 26. f4 Re8 27.
Qxd6 Bxa2 28. Rxe8+ Qxe8 29. Qd2 Bc4 30. Bxb7 Qe2 31. Qxe2 Bxe2 32. Kf2 Bb5 33.
Ke3 Kf7 34. Kd4 Ke6 35. Kc5 Be2 36. b5 Kf5 37. Ba6 Kg4 38. Kc6 Kh3 39. Kb7 Kxh2
40. Kxa7 Kxg3 41. b6 Bf3 42. Bb7 Bxb7 43. Kxb7 Kxf4 44. Kc7 g5 45. b7 h5 46.
b8=Q h4 47. Kc6+ Kf3 48. Qh2 1-0

[Event "Russian Championship G13 1st league 2016"]
[Site "Loo"]
[Date "2016.04.27"]
[Round "8.24"]
[White "Moskaleva, Arina"]
[Black "Kovtun, Tatyana"]
[Result "1-0"]
[WhiteElo "1392"]
[BlackElo "1419"]
[PlyCount "149"]
[EventDate "2016.04.20"]

1. d4 d5 2. c4 e6 3. cxd5 exd5 4. Nc3 Be7 5. Bf4 c6 6. e3 Bf5 7. Nge2 Nf6 8.
Ng3 Bg6 9. Bd3 Bxd3 10. Qxd3 O-O 11. O-O-O b5 12. Nf5 a5 13. g4 a4 14. g5 Nh5
15. Be5 f6 16. gxf6 Bxf6 17. Bd6 Rf7 18. Rhg1 Kh8 19. Qe2 g6 20. Nh6 Rb7 21.
Bb4 Bg7 22. Ng4 Na6 23. a3 Nxb4 24. axb4 Qe7 25. Na2 Rf8 26. Kd2 Nf6 27. Ke1
Nxg4 28. Rxg4 Qd6 29. Rg3 Rf6 30. Nc3 Qxb4 31. Qd2 Rc7 32. Rc1 Rcf7 33. f4 Re6
34. Kf2 Rc7 35. Qe2 Ree7 36. Qc2 Qd6 37. Rcg1 Qf6 38. Rf3 Qh4+ 39. Kf1 Qh5 40.
Qg2 Rf7 41. Rh3 Qf5 42. Rf3 Qd3+ 43. Ke1 Rce7 44. Kf2 Qd2+ 45. Kf1 Qc1+ 46. Kf2
Qxb2+ 47. Ne2 Rf5 48. Rh3 Kg8 49. Qg4 Qd2 50. Qh4 Bf8 51. Qg4 Bg7 52. Qh4 Bf8
53. Qg4 Rg7 54. Rhg3 a3 55. h4 Rff7 56. h5 gxh5 57. Qe6 a2 58. Rxg7+ Bxg7 59.
Qe8+ Rf8 60. Qe5 Rf7 61. Qe8+ Rf8 62. Qe5 Rf7 63. Qe8+ Rf8 64. Qe5 Rf7 65. Qe8+
Rf8 66. Qe5 Rf7 67. Rxg7+ Kf8 68. Rg1 b4 69. Qd6+ Re7 70. Qf6+ Ke8 71. Qxc6+
Kf8 72. Qc8+ Re8 73. Qf5+ Ke7 74. Rg7+ Kd6 75. Qd7# 1-0

[Event "Russian Championship G13 1st league 2016"]
[Site "Loo"]
[Date "2016.04.27"]
[Round "8.25"]
[White "Nikonorova, Melaniya"]
[Black "Silchenko, Karina"]
[Result "0-1"]
[WhiteElo "1419"]
[BlackElo "1310"]
[PlyCount "84"]
[EventDate "2016.04.20"]

1. e4 e5 2. Nf3 Nc6 3. Bc4 Bc5 4. O-O Nf6 5. d3 d6 6. h3 Be6 7. Bb5 O-O 8. c3
a6 9. Ba4 b5 10. Bc2 d5 11. exd5 Bxd5 12. Re1 Re8 13. Bg5 h6 14. Bh4 Qd6 15.
Bg3 Nh5 16. Bxe5 Nxe5 17. Nxe5 Rxe5 18. Rxe5 Qxe5 19. d4 Qg5 20. Qg4 Be7 21.
Qxg5 Bxg5 22. Na3 Re8 23. Kf1 Nf4 24. g3 Ne6 25. Re1 Kf8 26. Re5 Bb7 27. Re1 c5
28. dxc5 Nxc5 29. Rd1 Be4 30. Bxe4 Nxe4 31. Rd7 Rd8 32. Ra7 Rd6 33. c4 b4 34.
Nc2 Nd2+ 35. Kg2 Nxc4 36. Nxb4 Nxb2 37. Nxa6 Rd2 38. Kf1 Nd3 39. f4 Bf6 40. Nc7
Bd4 41. Rb7 Rf2+ 42. Kg1 Rb2+ 0-1

[Event "Russian Championship G13 1st league 2016"]
[Site "Loo"]
[Date "2016.04.27"]
[Round "8.26"]
[White "Lobanova, Milana"]
[Black "Nasonova, Elizaveta"]
[Result "0-1"]
[WhiteElo "1316"]
[BlackElo "1410"]
[PlyCount "128"]
[EventDate "2016.04.20"]

1. d4 d5 2. e4 e6 3. exd5 exd5 4. Nf3 Bg4 5. g3 Nf6 6. Bg2 c6 7. O-O h6 8. Re1+
Be7 9. Qe2 Be6 10. Ne5 Nbd7 11. f4 O-O 12. Rf1 Re8 13. f5 Nxe5 14. dxe5 Qb6+
15. Kh1 Bd7 16. exf6 Bxf6 17. Qf2 Bd4 18. Qd2 Bxb2 19. Bxb2 Qxb2 20. Nc3 Bxf5
21. Rxf5 Qxa1+ 22. Rf1 Qb2 23. Rb1 Qa3 24. Rxb7 Re7 25. Rxe7 Qxe7 26. Qe2 Qxe2
27. Nxe2 Rb8 28. Bh3 Rb2 29. Bf5 g6 30. Bd3 Rxa2 31. Kg2 c5 32. Nc3 Rb2 33. Na4
Ra2 34. Nxc5 a5 35. Kf3 a4 36. Ke3 a3 37. Nb3 Rb2 38. Nc1 a2 39. Nxa2 Rxa2 40.
Kd4 Ra5 41. Kc3 Kg7 42. Kb4 Ra8 43. Kc5 Rd8 44. Bb5 Rc8+ 45. Bc6 d4 46. Kd5
Rd8+ 47. Kc4 Kf6 48. Bd5 Rc8+ 49. Kd3 Rd8 50. Kc4 Rc8+ 51. Kd3 Kf5 52. Bxf7 g5
53. h3 Rc3+ 54. Kxd4 Rxc2 55. h4 Rg2 56. hxg5 hxg5 57. Be8 Rxg3 58. Bd7+ Kf4
59. Bb5 Re3 60. Bf1 Re7 61. Bg2 g4 62. Kd3 Kg3 63. Be4 Rxe4 64. Kxe4 Kf2 0-1

[Event "Russian Championship G13 1st league 2016"]
[Site "Loo"]
[Date "2016.04.27"]
[Round "8.29"]
[White "Starostina, Alexandra"]
[Black "Lashkova, Ekaterina"]
[Result "1/2-1/2"]
[WhiteElo "1345"]
[BlackElo "1302"]
[PlyCount "50"]
[EventDate "2016.04.20"]

1. d4 d5 2. c4 dxc4 3. Nf3 c6 4. e4 b5 5. Nc3 e6 6. a4 Bb4 7. Bd2 Qb6 8. Qc2 a6
9. Be2 Ne7 10. O-O O-O 11. Be3 Qb7 12. Rfd1 Rd8 13. h3 Nd7 14. Ra2 Nb6 15. axb5
cxb5 16. Raa1 f6 17. Bf1 Bd7 18. Be2 Bc6 19. Nd2 Kf8 20. f3 Kg8 21. Kf1 Kf8 22.
Kg1 Kg8 23. Kf1 Kf8 24. Kg1 Kg8 25. Kf1 Kf8 1/2-1/2

[Event "Russian Championship G13 1st league 2016"]
[Site "Loo"]
[Date "2016.04.27"]
[Round "8.31"]
[White "Tumashevich, Elizaveta"]
[Black "Baneva, Darina"]
[Result "0-1"]
[WhiteElo "1305"]
[BlackElo "1255"]
[PlyCount "84"]
[EventDate "2016.04.20"]

1. d4 Nf6 2. c4 e6 3. Nf3 Bb4+ 4. Bd2 Qe7 5. a3 Bxd2+ 6. Nbxd2 d5 7. e3 Nc6 8.
Bd3 O-O 9. O-O Re8 10. Re1 e5 11. dxe5 Nxe5 12. Nxe5 Qxe5 13. b4 c6 14. Nf3 Qd6
15. Qc2 Bd7 16. Rad1 Qc7 17. cxd5 Qc8 18. dxc6 Bxc6 19. Be2 h6 20. b5 Be4 21.
Qxc8 Raxc8 22. Rc1 Nd5 23. Nd4 Nc3 24. Bd1 Bd3 25. a4 Re7 26. Bc2 Na2 27. Ra1
Bxc2 28. Rxa2 Bg6 29. a5 Rc4 30. a6 bxa6 31. Rxa6 Rxd4 32. Rea1 Rdd7 33. b6
axb6 34. Rxb6 Rb7 35. Rba6 Rb1+ 36. Rxb1 Bxb1 37. Ra8+ Kh7 38. Rb8 Bg6 39. h3
Ra7 40. Rb2 Ra1+ 41. Kh2 Rb1 42. Rd2 Rb5 0-1

[Event "Russian Championship G13 1st league 2016"]
[Site "Loo"]
[Date "2016.04.27"]
[Round "8.32"]
[White "Butko, Anna"]
[Black "Abrarova, Rimma"]
[Result "0-1"]
[WhiteElo "1313"]
[BlackElo "1529"]
[PlyCount "72"]
[EventDate "2016.04.20"]

1. e4 c5 2. Nf3 Nc6 3. d4 cxd4 4. Nxd4 Nf6 5. Nc3 g6 6. Be2 Bg7 7. Be3 O-O 8.
O-O d6 9. Re1 Qa5 10. Nb3 Qc7 11. Qd2 Rd8 12. Rad1 Ne5 13. h3 Nc4 14. Bxc4 Qxc4
15. Qd3 Qc7 16. Nb5 Qc6 17. N3d4 Qxe4 18. Qxe4 Nxe4 19. Bh6 Bxh6 20. Rxe4 Bg5
21. Nc7 Rb8 22. Nd5 e6 23. Ne3 a6 24. Nf3 Bf6 25. b3 b5 26. Ng4 Bg7 27. Re2 Bb7
28. Re3 Rbc8 29. Rd2 h5 30. Ngh2 Bh6 31. Ree2 Bxd2 32. Rxd2 Rc5 33. Nf1 b4 34.
Ne3 d5 35. Kf1 Ra5 36. Kg1 Rxa2 0-1

[Event "Russian Championship G13 1st league 2016"]
[Site "Loo"]
[Date "2016.04.27"]
[Round "8.33"]
[White "Breus, Anastasia"]
[Black "Senkovskaya, Irina"]
[Result "1/2-1/2"]
[WhiteElo "1403"]
[BlackElo "1293"]
[PlyCount "76"]
[EventDate "2016.04.20"]

1. d4 e6 2. c4 f5 3. Nf3 Nf6 4. Nc3 d5 5. e3 c6 6. a4 Bd6 7. Bd3 O-O 8. O-O Ne4
9. Nd2 Nxd2 10. Bxd2 f4 11. Be2 Rf6 12. e4 dxe4 13. Nxe4 Rf8 14. Nxd6 Qxd6 15.
Bc3 Nd7 16. Bf3 Nf6 17. Qd2 Qc7 18. Rfe1 Rd8 19. Qc1 Bd7 20. Bd2 g5 21. h3 Kg7
22. Bc3 Kf7 23. Re5 h6 24. Qe1 Rac8 25. Rd1 Re8 26. Qe2 Rcd8 27. d5 cxd5 28.
cxd5 exd5 29. Bxd5+ Nxd5 30. Rdxd5 Rxe5 31. Rxe5 Re8 32. Rxe8 Bxe8 33. Qd2 Qb6
34. Qe2 Qc7 35. Qd2 Qb6 36. Qe2 Qc7 37. Qd2 Qb6 38. Qe2 Qc7 1/2-1/2

[Event "Russian Championship G13 1st league 2016"]
[Site "Loo"]
[Date "2016.04.27"]
[Round "8.34"]
[White "Kudrevatykh, Anastasia"]
[Black "Spiridonova, Maria"]
[Result "1/2-1/2"]
[WhiteElo "1396"]
[BlackElo "1275"]
[PlyCount "161"]
[EventDate "2016.04.20"]

1. d4 Nf6 2. c4 e6 3. Nc3 Bb4 4. Bd2 d6 5. Nf3 b6 6. a3 Bxc3 7. Bxc3 Bb7 8. e3
Nbd7 9. Be2 O-O 10. Qc2 Rc8 11. h3 c5 12. Rd1 Qe7 13. O-O d5 14. Kh1 h6 15. Bd3
cxd4 16. Bb4 Qe8 17. Bxf8 Qxf8 18. Nxd4 dxc4 19. Be2 Qc5 20. Rc1 Bd5 21. Qa4
Ne5 22. f4 Ned7 23. b4 Qc7 24. b5 e5 25. Nc6 exf4 26. Ne7+ Kh8 27. Nxc8 Qxc8
28. Rxf4 Qb7 29. Bf3 Nc5 30. Qd1 Nfe4 31. Bxe4 Bxe4 32. Qf1 Nd3 33. Rxf7 Bxg2+
34. Qxg2 Qxf7 35. Rf1 Qe7 36. Qf3 Qxa3 37. Qf8+ Qxf8 38. Rxf8+ Kh7 39. e4 Kg6
40. Ra8 Nf2+ 41. Kg2 Nxe4 42. Rxa7 Nc3 43. Rc7 Nxb5 44. Rxc4 Na3 45. Rc6+ Kh5
46. Rxb6 Nc4 47. Rb5+ g5 48. Kg3 Nd2 49. Rd5 Ne4+ 50. Kf3 Nf6 51. Ra5 Kg6 52.
Ra6 h5 53. Kg3 g4 54. hxg4 hxg4 55. Kf4 g3 56. Kxg3 Kf5 57. Ra4 Kg6 58. Ra5
Nh5+ 59. Kg4 Nf6+ 60. Kh4 Kf7 61. Kg5 Nh7+ 62. Kf5 Nf8 63. Ra6 Ke8 64. Ra7 Kd8
65. Ke5 Ke8 66. Kd6 Ng6 67. Rg7 Nh4 68. Re7+ Kd8 69. Rf7 Kc8 70. Rd7 Nf5+ 71.
Kc6 Kb8 72. Rc7 Nd4+ 73. Kb6 Ne6 74. Re7 Nd8 75. Kc5 Kc8 76. Kd6 Nb7+ 77. Kc6
Nd8+ 78. Kb6 Kb8 79. Rd7 Kc8 80. Rd2 Ne6 81. Rd1 1/2-1/2

[Event "Russian Championship G13 1st league 2016"]
[Site "Loo"]
[Date "2016.04.27"]
[Round "8.35"]
[White "Targyn, Belek"]
[Black "Kulagina, Karina"]
[Result "1-0"]
[WhiteElo "1380"]
[BlackElo "1244"]
[PlyCount "129"]
[EventDate "2016.04.20"]

1. d4 d5 2. Nf3 Nf6 3. Bg5 e6 4. e3 Be7 5. Nbd2 Bd7 6. Bd3 Nc6 7. c3 Rb8 8. O-O
b5 9. a3 a6 10. Re1 h6 11. Bh4 O-O 12. Qc2 Re8 13. Nb3 a5 14. Qe2 b4 15. cxb4
axb4 16. Bb5 bxa3 17. bxa3 Ne4 18. Bxe7 Qxe7 19. Rec1 Na7 20. Bxd7 Qxd7 21. Nc5
Nxc5 22. Rxc5 f6 23. Qc2 c6 24. Nh4 Rb6 25. a4 Reb8 26. Qd1 Qd6 27. a5 Rb5 28.
Rc2 Qb4 29. Rca2 c5 30. Ra4 Qxa4 31. Rxa4 Rb1 32. Ra1 Rxd1+ 33. Rxd1 Rb5 34.
dxc5 Rxc5 35. Ra1 Kf7 36. Nf3 Ke7 37. Nd4 Kd6 38. g3 Rc8 39. Rb1 Kd7 40. Rb7+
Rc7 41. a6 Rxb7 42. axb7 Kc7 43. Nxe6+ Kxb7 44. Nxg7 Kc7 45. g4 Kd7 46. Nf5 Ke6
47. Nxh6 Nc6 48. h4 Ke7 49. h5 Kf8 50. Nf5 Kg8 51. Kg2 Kh7 52. Kg3 Nb4 53. Ne7
Kg7 54. Kf4 Kf7 55. h6 Nd3+ 56. Kf5 Nb4 57. g5 fxg5 58. Kxg5 Nd3 59. f4 Nb4 60.
f5 Kf8 61. Kg6 Kxe7 62. h7 Kd6 63. h8=Q Kc5 64. Qc8+ Nc6 65. f6 1-0

[Event "Russian Championship G13 1st league 2016"]
[Site "Loo"]
[Date "2016.04.27"]
[Round "8.36"]
[White "Ustinovitch, Angelina"]
[Black "Ganzhina, Maria"]
[Result "0-1"]
[WhiteElo "1206"]
[BlackElo "1356"]
[PlyCount "98"]
[EventDate "2016.04.20"]

1. d4 d5 2. c4 e6 3. Nc3 Nf6 4. e3 Nbd7 5. Nf3 b6 6. Be2 Bb7 7. O-O c5 8. b3
Be7 9. Bb2 O-O 10. Bd3 Rc8 11. Rc1 h6 12. Qe2 Kh8 13. h3 Re8 14. e4 dxe4 15.
Nxe4 cxd4 16. Nxd4 Nc5 17. Nxc5 Bxc5 18. Nf3 Qe7 19. Ne5 Bd6 20. Rfd1 Red8 21.
Rd2 Bb4 22. Rdc2 Kg8 23. Ng4 Nxg4 24. Qxg4 Qg5 25. Qxg5 hxg5 26. Be2 Be4 27. a3
Bxc2 28. Rxc2 Bc5 29. b4 Be7 30. Bc1 a5 31. Bd2 axb4 32. axb4 Kf8 33. Be3 Rb8
34. c5 bxc5 35. bxc5 Rb1+ 36. Kh2 Ra1 37. c6 Rc8 38. c7 Bd6+ 39. g3 Rxc7 40.
Rxc7 Bxc7 41. Bxg5 Ra2 42. Bf3 Rxf2+ 43. Bg2 Re2 44. Bc1 e5 45. h4 e4 46. Kh3
e3 47. Ba3+ Kg8 48. Bb4 Rb2 49. Be1 Rb1 0-1

[Event "Russian Championship G13 1st league 2016"]
[Site "Loo"]
[Date "2016.04.27"]
[Round "8.37"]
[White "Pripisnova, Aleksandra"]
[Black "Bychenok, Kseniya"]
[Result "0-1"]
[WhiteElo "1263"]
[BlackElo "1334"]
[PlyCount "84"]
[EventDate "2016.04.20"]

1. e4 e5 2. Nf3 Nc6 3. Bb5 d6 4. d4 Bd7 5. Nc3 exd4 6. Nxd4 g6 7. O-O Bg7 8.
Be3 Nge7 9. Qd3 O-O 10. a3 a6 11. Ba4 Ne5 12. Qe2 Bxa4 13. Nxa4 b5 14. Nc3 Nc4
15. Bg5 Bxd4 16. Nd5 Re8 17. Nxe7+ Rxe7 18. Bxe7 Qxe7 19. c3 Bg7 20. Ra2 Re8
21. f3 f5 22. Re1 fxe4 23. fxe4 d5 24. b3 Bxc3 25. Rd1 Nxa3 26. Qd3 Bb4 27.
Qxd5+ Qf7 28. Qxf7+ Kxf7 29. Rd7+ Re7 30. Rxe7+ Kxe7 31. Kf2 c5 32. Ke3 c4 33.
bxc4 bxc4 34. Ke2 c3 35. Kd1 c2+ 36. Kc1 Bc5 37. Rxc2 Nxc2 38. Kxc2 Ke6 39. Kb3
Ke5 40. Ka4 Kxe4 41. Ka5 Bg1 42. h3 Kf4 0-1

[Event "Russian Championship G13 1st league 2016"]
[Site "Loo"]
[Date "2016.04.27"]
[Round "8.38"]
[White "Belozerova, Olga"]
[Black "Khannanova, Lina"]
[Result "1-0"]
[WhiteElo "1057"]
[BlackElo "1400"]
[PlyCount "95"]
[EventDate "2016.04.20"]

1. d4 d5 2. Nf3 Nf6 3. c4 e6 4. e3 Be7 5. Nc3 O-O 6. Be2 b6 7. O-O Bb7 8. Bd2
Nbd7 9. cxd5 exd5 10. Qb3 c5 11. a4 a6 12. a5 c4 13. Qa2 b5 14. b3 Qc7 15. bxc4
dxc4 16. Rfe1 Bd6 17. h3 Nd5 18. Nxd5 Bxd5 19. Qc2 b4 20. e4 b3 21. Qb1 c3 22.
Bxc3 Bxe4 23. Qxe4 Qxc3 24. Qd5 b2 25. Rab1 Qb4 26. Qa2 Rfb8 27. Ng5 Qb3 28.
Qxb3 Rxb3 29. Bc4 Rb4 30. Bxf7+ Kf8 31. Bd5 Nf6 32. Bxa8 Bc7 33. Ne6+ Kf7 34.
Nxc7 Rxd4 35. Rxb2 Ra4 36. Bd5+ Kg6 37. Ra2 Rd4 38. Ne6 Rb4 39. Bf3 Nd7 40.
Be4+ Kf7 41. Bd5 Kf6 42. Nxg7 Rd4 43. Re6+ Kxg7 44. Re7+ Kf8 45. Rxd7 Ke8 46.
Bc6 Rxd7 47. Bxd7+ Kxd7 48. Kf1 1-0

[Event "Russian Championship G13 1st league 2016"]
[Site "Loo"]
[Date "2016.04.27"]
[Round "8.39"]
[White "Taranenko, Polina"]
[Black "Shadrukhina, Yuliya"]
[Result "1-0"]
[WhiteElo "1226"]
[BlackElo "1086"]
[PlyCount "91"]
[EventDate "2016.04.20"]

1. d4 d5 2. c4 e6 3. Nc3 f5 4. Nf3 Nf6 5. Bg5 c6 6. e3 Be7 7. Bd3 O-O 8. O-O
Ne4 9. Bxe7 Qxe7 10. Qc2 Bd7 11. cxd5 cxd5 12. Ne5 Be8 13. f3 Nd6 14. e4 dxe4
15. fxe4 f4 16. Nc4 Nc6 17. Ne2 f3 18. Rxf3 Rxf3 19. gxf3 Qg5+ 20. Kh1 Nxc4 21.
Bxc4 Qf6 22. Qd3 Rd8 23. Rg1 Nxd4 24. Nxd4 Rxd4 25. Bxe6+ Kh8 26. Qc3 Bh5 27.
Bg4 Bxg4 28. Rxg4 Rd1+ 29. Rg1 Qxc3 30. bxc3 Rd3 31. Rb1 b6 32. f4 Rxc3 33. Re1
h6 34. e5 Kg8 35. e6 Rc8 36. Kg2 Kf8 37. Kf3 Ke7 38. f5 Rc2 39. Rd1 Rc3+ 40.
Kg4 Rc7 41. Kh5 Kf6 42. Re1 Kxf5 43. e7 Rc3 44. h4 Rc8 45. e8=Q Rxe8 46. Rxe8
1-0

[Event "Russian Championship G11 1st league 2016"]
[Site "Loo"]
[Date "2016.04.28"]
[Round "9.1"]
[White "Shestakova, Bogdana"]
[Black "Borodkina, Sofia"]
[Result "1/2-1/2"]
[WhiteElo "1605"]
[BlackElo "1415"]
[PlyCount "84"]
[EventDate "2016.04.20"]

1. Nf3 d5 2. g3 Nf6 3. Bg2 Bf5 4. d3 e6 5. O-O Bd6 6. Nbd2 c5 7. h3 h6 8. Re1
Bc7 9. Nh4 Bh7 10. e4 O-O 11. exd5 exd5 12. Nb3 Bb6 13. Be3 Na6 14. a4 Ba5 15.
Nxa5 Qxa5 16. Bf4 Rfe8 17. Be5 Nb4 18. Bxf6 gxf6 19. Qg4+ Kh8 20. Rec1 Re7 21.
Qf4 Kg7 22. Qg4+ Kh8 23. Qh5 Kg7 24. Qg4+ Kh8 25. Nf5 Bxf5 26. Qxf5 Kg7 27.
Qg4+ Kh8 28. d4 cxd4 29. Qxd4 Re5 30. c3 Nc6 31. Qf4 Kg7 32. h4 Rae8 33. Qg4+
Kh7 34. Qf4 Qd8 35. Rd1 Na5 36. Bh3 Qb6 37. Bf5+ Kg7 38. Qg4+ Kh8 39. Qf4 Kg7
40. Qg4+ Kh8 41. Qf4 Kg7 42. Qg4+ Kh8 1/2-1/2

[Event "Russian Championship G11 1st league 2016"]
[Site "Loo"]
[Date "2016.04.28"]
[Round "9.2"]
[White "Dorokhina, Elizaveta"]
[Black "Fedoricheva, Ekaterina"]
[Result "0-1"]
[WhiteElo "1344"]
[BlackElo "1387"]
[PlyCount "78"]
[EventDate "2016.04.20"]

1. e4 c5 2. Nf3 d6 3. d4 cxd4 4. Nxd4 Nf6 5. Nc3 e6 6. Be3 Nc6 7. g3 a6 8. a4
Be7 9. Bg2 Bd7 10. O-O O-O 11. f4 g6 12. h3 Qb6 13. b3 e5 14. Nf5 Qd8 15. Nxd6
Bxh3 16. Nxb7 Qc8 17. Nc5 Bxg2 18. Kxg2 Ng4 19. Qe2 Nxe3+ 20. Qxe3 Nd4 21. fxe5
Bxc5 22. Qh6 Nxc2 23. Nd5 f5 24. Nf6+ Rxf6 25. exf6 Ra7 26. Rac1 Be3 27. Qh1
Bxc1 28. Rxc1 Rc7 29. Qh6 Qb7 30. Kh2 Nd4 31. e5 Nf3+ 32. Kh3 Nxe5 33. Rd1 Qc8
34. Rc1 Qd7 35. Qf4 Rxc1 36. Qxc1 f4+ 37. Kh2 fxg3+ 38. Kxg3 Qg4+ 39. Kh2 Nf3+
0-1

[Event "Russian Championship G11 1st league 2016"]
[Site "Loo"]
[Date "2016.04.28"]
[Round "9.3"]
[White "Volkorez, Ruslana"]
[Black "Karpova, Larisa"]
[Result "0-1"]
[WhiteElo "1228"]
[BlackElo "1240"]
[PlyCount "102"]
[EventDate "2016.04.20"]

1. d4 d5 2. c4 c6 3. Nf3 Nf6 4. Nc3 dxc4 5. a4 Bf5 6. e3 h6 7. Bxc4 e6 8. O-O
Nbd7 9. Re1 Ne4 10. Nxe4 Bxe4 11. Nd2 Bg6 12. e4 Nf6 13. Qb3 Qc7 14. h3 Be7 15.
e5 Nd5 16. Nf3 O-O 17. Bd2 Qd7 18. Rac1 Rac8 19. Bc3 b6 20. Nd2 Bg5 21. Rcd1
Be7 22. Ne4 Rb8 23. Bxd5 cxd5 24. Nd6 Rfd8 25. Bb4 a5 26. Ba3 Bg5 27. g3 h5 28.
f4 Bh6 29. Rc1 h4 30. Rc3 hxg3 31. Rec1 Bxf4 32. Rc7 Bxc1 33. Rxd7 Rxd7 34.
Qxg3 Rc7 35. Nb5 Rc2 36. Qb3 Rd2 37. Nc3 Rxd4 38. Qb5 Be3+ 39. Kg2 Rd2+ 40. Kf3
d4 41. Ne4 Bh5+ 42. Kg3 Rc2 43. b3 Be2 44. Qd7 d3 45. b4 d2 46. Nxd2 Rxd2 47.
Qc6 Rd3 48. Bb2 Bd4+ 49. Kg2 Bf3+ 50. Qxf3 Rxf3 51. Kxf3 Bxb2 0-1